000 00279nam a2200109Ia 4500
001 588782
005 20250717120837.0
008 250717s9999 xx 000 0 und d
245 0 _aV-13 AHMET HULUSİ EFENDİ
_cİSMAİL BİLGİN
260 _bTİMAŞ YAYINLARI
_c2018
300 _b92
999 _c588782
_d588782